Bills Players with 1000 scrimmage yards - Statistics

General Stats
  • This quiz has been taken 16 times
  • The average score is 38 of 78
Answer Stats
Position (Year) Yards Player % Correct
RB (1975) 2,243 O.J. Simpson
100%
RB (1973) 2,073 O.J. Simpson
100%
RB (1976) 1,762 O.J. Simpson
100%
RB (1972) 1,449 O.J. Simpson
100%
RB (1974) 1,314 O.J. Simpson
100%
RB (1969) 1,040 O.J. Simpson
100%
WR (2020) 1,536 Stefon Diggs
93%
WR (2022) 1,426 Stefon Diggs
93%
WR (2021) 1,225 Stefon Diggs
93%
WR (2023) 1,188 Stefon Diggs
93%
RB (2023) 1,567 James Cook
87%
RB (2024) 1,267 James Cook
87%
WR (1994) 1,390 Andre Reed
73%
WR (1989) 1,343 Andre Reed
73%
WR (1991) 1,249 Andre Reed
73%
WR (1996) 1,058 Andre Reed
73%
WR (1988) 1,032 Andre Reed
73%
RB (2012) 1,703 C.J. Spiller
67%
RB (2013) 1,118 C.J. Spiller
67%
RB (2016) 1,623 LeSean McCoy
67%
RB (2017) 1,586 LeSean McCoy
67%
RB (2015) 1,187 LeSean McCoy
67%
WR (2010) 1,073 Stevie Johnson
60%
WR (2012) 1,046 Stevie Johnson
60%
WR (2011) 1,004 Stevie Johnson
60%
RB (1992) 2,113 Thurman Thomas
60%
RB (1991) 2,038 Thurman Thomas
60%
RB (1989) 1,913 Thurman Thomas
60%
RB (1989) 1,829 Thurman Thomas
60%
RB (1993) 1,702 Thurman Thomas
60%
RB (1994) 1,442 Thurman Thomas
60%
RB (1996) 1,287 Thurman Thomas
60%
RB (1995) 1,225 Thurman Thomas
60%
RB (1988) 1,089 Thurman Thomas
60%
RB (2009) 1,433 Fred Jackson
53%
RB (2011) 1,376 Fred Jackson
53%
RB (2013) 1,277 Fred Jackson
53%
RB (2010) 1,142 Fred Jackson
53%
RB (2014) 1,026 Fred Jackson
53%
RB (2008) 1,336 Marshawn Lynch
53%
RB (2007) 1,299 Marshawn Lynch
53%
WR (2019) 1,067 John Brown
47%
RB (2022) 1,099 Devin Singletary
40%
RB (2021) 1,098 Devin Singletary
40%
WR (1998) 1,368 Eric Moulds
40%
WR (2000) 1,350 Eric Moulds
40%
WR (2002) 1,299 Eric Moulds
40%
WR (2004) 1,062 Eric Moulds
40%
RB (2005) 1,425 Willis McGahee
40%
RB (2004) 1,297 Willis McGahee
40%
RB (2006) 1,146 Willis McGahee
40%
WR (1991) 1,072 James Lofton
33%
WR (2006) 1,292 Lee Evans
33%
WR (2008) 1,039 Lee Evans
33%
RB (2002) 1,747 Travis Henry
33%
RB (2003) 1,514 Travis Henry
33%
WR (1981) 1,244 Frank Lewis
20%
WR (1979) 1,076 Frank Lewis
20%
RB (1981) 1,700 Joe Cribbs
20%
RB (1983) 1,655 Joe Cribbs
20%
RB (1980) 1,600 Joe Cribbs
20%
WR (2002) 1,239 Peerless Price
20%
WR (2015) 1,048 Sammy Watkins
20%
RB (1978) 1,306 Terry Miller
20%
RB (1998) 1,135 Antowain Smith
13%
RB (1997) 1,017 Antowain Smith
13%
FB (1962) 1,415 Cookie Gilchrist
13%
FB (1964) 1,326 Cookie Gilchrist
13%
FB (1963) 1,190 Cookie Gilchrist
13%
RB (1966) 1,185 Bobby Burnett
7%
FL/WR (1964) 1,159 Elbert Dubenion
7%
RB (1985) 1,459 Greg Bell
7%
RB (1984) 1,377 Greg Bell
7%
RB (1975) 1,105 Jim Braxton
7%
RB (1967) 1,159 Keith Lincoln
7%
WR (1970) 1,055 Marlin Briscoe
0%
RB (1986) 1,100 Robb Riddick
0%
FB (1960) 1,010 Wray Carlton
0%
No matching quizzes found
Score Distribution
Percent of People with Each Score
Percentile by Number Answered
Your Score History
You have not taken this quiz